Представление документа в формате RUSMARC

Поле Инд. ПП Название Значение
Тип записи a
Библиографический уровень a
001 Контрольный номер d99a5491b2654b7d9cb0f2c4b013bcee
005 Дата корректировки 20181224170400.5
100 a Данные общей обработки 20181018 ||| 0rusy0189 ca
101 0_ a Язык текста rus
102 a Страна публикации RU
200 1_ f Первые сведения об ответственности Т.А. Кули-Заде
a Заглавие О необходимости решения арбитражного суда для установления факта преднамеренного банкротства
b Общее обозначение материала Текст
210 d Дата издания 2018
461 _0 1 2000
a Арбитражный и гражданский процесс
463 _0 1 2000
a №9
v С. 36-39
1 2101
d 2018
1 00184d8a3c66be14b0b8faae2610292807d
606 a Основная рубрика Гражданское и торговое право
610 0_ a Ключевые слова НЕСОСТОЯТЕЛЬНОСТЬ (БАНКРОТСТВО)
a Ключевые слова ПРЕСТУПЛЕНИЕ
a Ключевые слова ВОЗБУЖДЕНИЕ УГОЛОВНОГО ДЕЛА
a Ключевые слова АРБИТРАЖНЫЙ СУД
a Ключевые слова СУДЕБНОЕ РЕШЕНИЕ
700 _1 a Фамилия Кули-Заде
b Имя Т.А.
801 _0 a Страна RU
b Организация РГУП
c Дата составления 20181018
g Правила каталогизации PSBO
801 _1 a Страна RU
b Организация РГУП
c Дата составления 20181018
g Правила каталогизации PSBO
901 t Тип документа b
w Контрольный № источника 84d8a3c66be14b0b8faae2610292807d
905 a Дата ввода 20181018